Pax (Peace) (Registro nro. 305840)

Detalles MARC
000 -ENCABEZADO
Número de control [NR] 01610nam a2200301 4500
005 - FECHA Y HORA DE LA ÚLTIMA TRANSACCIÓN
control field 20170201101951.0
008 - DE LONGITUD FIJA DE DATOS DE ELEMENTOS - INFORMACIÓN GENERAL
Elementos de longitud fija [NR] 170201s1920 xxu||||fr|||| 000 0 eng d
040 ## - FUENTE DE CATALOGACION [NR]
Agencia de catalogación original [NR] CO-BoUCM
Idioma de catalogación [NR] spa
Quien Cataloga Sandra Yazo
Quien Clasifica Sandra Yazo
041 1# - CODIGO DE IDIOMA [R]
Código de idioma para texto/pista de sonido o título separado [R] Inglés
082 ## - NUMERO DE CLASIFICACION DECIMAL DEWEY [R]
Número de la edición [NR] 20
Número de clasificación [R] 863.9861
092 ## - SIGNATURA TOPOGRAFICA LOCAL
Número de clasificación local E42N006
100 1# - ASIENTO PRINCIPAL--NOMBRE PERSONAL [NR]
Nombre personal [NR] Marroquín, Lorenzo
Fechas asociadas con el nombre [NR] 1856-1918
ID Autoridad 83761
242 00 - TRADUCCION DEL TITULO POR LA AGENCIA CATALOGADORA [R]
Título [NR] Paz
Mención de responsabilidad, etc. [NR] De Lorenzo Marroquín ; Traducción de Isaac Goldberg y W. V. Schierbrand
Código de idioma del título traducido [NR] spa
245 10 - MENCION DE TITULO [NR]
Título [NR] Pax (Peace)
Mención de responsabilidad, etc. [NR] by Lorenzo Marroquín ; Translated by Isaac Goldberg and W. V. Schierbrand
260 ## - PUBLICACION, DISTRIBUCION, ETC. (PIE DE IMPRENTA) [R]
Lugar de publicación, distribución, etc. [R] New York (EStados Unidos)
Nombre del editor, distribuidor, etc. [R] Bretano's
Fecha de publicación, distribución, etc. [R] 1920
300 ## - DESCRIPCION FISICA [R]
Extensión [R] viii, 480 páginas
Dimensiones [R] 19 x 14 cm
490 ## - MENCION DE SERIE [R]
Mención de serie [R] Brentano’s Hispano-American [Hispano-Americana de Brentano]
500 ## - NOTA GENERAL [R]
Nota general [NR] Detalles físicos: Encuadernación rígida en cartón duro forrado en tela texturizada. Lomo y tapas con datos de publicación impresos en tinta negra. Guardas. Anteportada, con anotación manuscrita. Portada impresa en dos tintas, con un pequeño grabado (lema Numquam dormio: Nunca duermo). Texto impreso en una sola columna. Notas de pie de página en la introducción. Ejemplar en buen estado de conservación
506 ## - NOTA DE RESTRICCIONES DE ACCESO [R]
Condiciones de acceso [NR] Consulta en sala
546 ## - NOTA DE IDIOMA [R]
Nota de idioma [NR] Texto en inglés con expresiones en español
650 #7 - ASIENTO SECUNDARIO DE MATERIA - TERMINO TEMATICO [R]
9 (RLIN) 20483
Término temático o nombre geográfico como elemento de entrada [NR] Novela colombiana
690 ## - ASUNTO AGREGADO LOCAL DE ENTRADA - TÉRMINO TEMÁTICO (OCLC, RLIN)
Acceso temático local Literatura colombiana
9 (RLIN) 18629
700 1# - ASIENTO SECUNDARIO - NOMBRE PERSONAL [R]
Nombre personal [NR] Goldberg, Isaac
Término de relación [R] editor
9 (RLIN) 83762
700 1# - ASIENTO SECUNDARIO - NOMBRE PERSONAL [R]
Nombre personal [NR] Goldberg, Isaac
Término de relación [R] traductor
9 (RLIN) 83762
700 1# - ASIENTO SECUNDARIO - NOMBRE PERSONAL [R]
Nombre personal [NR] Schierbrand, W. V.
Término de relación [R] traductor
9 (RLIN) 83763
856 41 - LOCALIZACION Y ACCESO ELECTRONICOS [R]
Identificador Uniforme del Recurso (“URI”) [R] <a href="https://archive.org/details/paxpeace00marruoft">https://archive.org/details/paxpeace00marruoft</a>
Nota dirigida al público [R] Disponible en línea
942 ## - ELEMENTOS DE ENTRADA AGREGADOS (KOHA)
Sistema de clasificación LOCAL
Tipo de ítem principal el descrito en 300a Libro
Edición 1
Clasificación E42N006
Existencias
Suprimido Perdido Sistema de clasificación Dañado No prestable Tipo de ítem específico Ubicación habitual Ubicación actual Localización Fecha de creación Forma de adquisición Costo Total préstamos Signatura topográfica Código de barras Última vez visto Ejemplar Price effective from Tipo de ítem
    LOCAL     Libro archivo Archivo Histórico Archivo Histórico Archivo histórico 01/02/2017 Donación 0.00   E42N006 L006090 01/02/2017 Ej.1 01/02/2017 Libro